| Registos Bibliográficos associados ao registo de autoridade |
|
Etiqueta de registo: 00230nam 2200025 450 001 1806617 003 http://id.bnportugal.gov.pt/bib/catbnp/1806617 010 ## $a978-972-40-4809-3 021 ## $aPT$b345044/12 100 ## $a20120315d2012 m y0pory0103 ba 101 0# $amul 102 ## $aPT 105 ## $ay z 100yy 106 ## $ar 200 1# $a O navio$fII Jornadas de Lisboa de Direito Marítimo$gcoord. Januário Costa Gomes$g[org.] Centro Direito Marítimo e dos Transportes da Faculdade de Direito da Universidade
de Lisboa 210 #9 $aCoimbra$cAlmedina,$d2012 215 ## $a487 p.$d23 cm 225 2# $aDireito marítimo e dos transportes 675 ## $a061.3$vBN$zpor$3292562 675 ## $a341.22(042)$vBN$zpor$31244533 675 ## $a347.79(042)$vBN$zpor$31428434 702 #1 $aGomes,$bManuel Januário,$f1954-$4340$336463 710 12 $aJornadas de Lisboa de Direito Marítimo,$d2,$eLisboa,$f2010$31487332 712 02 $aUniversidade de Lisboa.$bFaculdade de Direito.$bCentro de Direito Marítimo e dos Transportes$4557$31343905 801 #0 $aPT$bBN$gRPC 856 41 $uhttp://rnod.bnportugal.gov.pt/ImagesBN/winlibimg.aspx?skey=&doc=1806617&img=7923&save=true 900 ## $aBIBNAC$d20120831 966 ## $lBN$mFGMON$sS.C. 130226 V. 966 ## $lBN$mFGMON$sS.C. 130226 V.-D$x1
Etiqueta de registo: 00230nam 2200025 450 001 1758971 003 http://id.bnportugal.gov.pt/bib/catbnp/1758971 010 ## $a978-972-40-4381-4$bv. 1) 010 ## $a978-972-40-5049-2$bv. 2) 010 ## $a978-972-40-6053-8$bv. 3) 010 ## $a978-972-40-7910-3$bv. 4) 010 ## $a978-972-40-8905-8$bv. 5) 010 ## $a978-989-40-2869-7$bv. 6) 021 ## $aPT$b320281/10 021 ## $aPT$b356082/13 021 ## $aPT$b392852/15 021 ## $aPT$b455762/19 021 ## $aPT$b477392/20 021 ## $aPT$b554409/25 100 ## $a20101013d20102025k y0pory01030103ba 101 0# $apor 102 ## $aPT 105 ## $ay z 001yy 106 ## $ar 200 1# $aTemas de direito dos transportes$fCentro de Direito Marítimo e dos Transportes da Faculdade de Direito da Universidade
de Lisboa$gcoord. M. Januário da Costa Gomes$gcolab. Centro de Investigação de Direito Privado da Faculdade de Direito da Universidade
de Lisboa 210 #9 $aCoimbra$cAlmedina,$d2010-2025 215 ## $a6 v.$d24 cm 225 2# $aDireito marítimo e dos transportes 675 ## $a347.7(042)$vBN$zpor$31162834 675 ## $a656.025(042)$vBN$zpor$31993802 675 ## $a341.9(042)$vBN$zpor$31268373 702 #1 $aGomes,$bManuel Januário,$f1954-$4340$336463 710 02 $aUniversidade de Lisboa.$bFaculdade de Direito.$bCentro de Direito Marítimo e dos Transportes$31343905 712 02 $aUniversidade de Lisboa.$bFaculdade de Direito.$bCentro de Investigação de Direito Privado$4205$31610894 801 #0 $aPT$bBN$gRPC 856 41 $uhttp://rnod.bnportugal.gov.pt/ImagesBN/winlibimg.aspx?skey=&doc=1758971&img=27163&save=true 900 ## $aBIBNAC$d20260406 966 ## $b001$d1º v.$lBN$mFGMON$sS.C. 168775 V.$x1 966 ## $b001$d1º v.$lBN$mFGMON$sS.C. 168775 V.-D$x1 966 ## $b001$d2º v.$lBN$mFGMON$sS.C. 168776 V.$x1 966 ## $b001$d3º v.$lBN$mFGMON$sS.C. 168777 V.$x1 966 ## $b001$d4º v.$lBN$mFGMON$sS.C. 168778 V.$x1 966 ## $b001$d4º v.$lBN$mFGMON$sS.C. 168778 V.-D$x1 966 ## $b001$d5º v.$lBN$mFGMON$sS.C. 168779 V.$x1 966 ## $b001$d5º v.$lBN$mFGMON$sS.C. 168779 V.-D$x1 966 ## $b001$d6º v.$lBN$mFGMON$sS.C. 168780 V.$x1 966 ## $b001$d6º v.$lBN$mFGMON$sS.C. 168780 V.-D$x1 975 ## $e0$d20260406$viquintas
Etiqueta de registo: 00000nam 2200025 450 001 1881175 003 http://id.bnportugal.gov.pt/bib/catbnp/1881175 010 ## $a978-972-40-5761-3 021 ## $aPT$b383439/14 100 ## $a20140808d2014 k y0pory01030103ba 101 0# $apor 102 ## $aPT 105 ## $ay z 100yy 106 ## $ar 200 1# $aDas regras da Haia às regras de Roterdão$e as perspectivas para o transporte marítimo e para o transporte multimodal no século
XXI$fIII Jornadas de Lisboa de Direito Marítimo$gcoord. M. Januário da Costa Gomes$g[org.]Centro de Direito Marítimo e do Transporte da Faculdade de Direito da Universidade
de Direito 210 #9 $aCoimbra$cAlmedina,$d2014 215 ## $a676 p.$d23 cm 225 2# $aEstudos de direito marítimo 675 ## $a347.79(042)$vBN$zpor$31428434 675 ## $a656.61(042)$vBN$zpor$31231805 675 ## $a061.3$vBN$zpor$3292562 702 #1 $aGomes,$bManuel Januário,$f1954-$4340$336463 710 12 $aJornadas de Lisboa de Direito Marítimo,$d3,$eLisboa,$f2013$31582723 712 02 $aUniversidade de Lisboa.$bFaculdade de Direito.$bCentro de Direito Marítimo e dos Transportes$4557$31343905 801 #0 $aPT$bBN$gRPC 856 41 $uhttp://rnod.bnportugal.gov.pt/ImagesBN/winlibimg.aspx?skey=&doc=1881175&img=54321&save=true 900 ## $aBIBNAC$d20150120 966 ## $lBN$mFGMON$sS.C. 139570 V.$x1 966 ## $lBN$mFGMON$sS.C. 139570 V.-D$x1
|
|
|